<?xml version="1.0" encoding="UTF-8"?>
<record
    xmlns:xsi="http://www.w3.org/2001/XMLSchema-instance"
    xsi:schemaLocation="http://www.loc.gov/MARC21/slim http://www.loc.gov/standards/marcxml/schema/MARC21slim.xsd"
    xmlns="http://www.loc.gov/MARC21/slim">

  <leader>02038nam a22002897a 4500</leader>
  <datafield tag="999" ind1=" " ind2=" ">
    <subfield code="c">21716</subfield>
    <subfield code="d">21716</subfield>
  </datafield>
  <controlfield tag="003">AR-CdUCM</controlfield>
  <controlfield tag="008">190425b           ||||| |||| 00| 0 spa d</controlfield>
  <datafield tag="040" ind1=" " ind2=" ">
    <subfield code="a">MUNICIPALIDAD PROVINCIAL DEL CUSCO</subfield>
    <subfield code="c">BIBLIOTECA MUNICIPAL DEL CUSCO</subfield>
  </datafield>
  <datafield tag="082" ind1=" " ind2=" ">
    <subfield code="a">Rev.Univ/N&#xB0;64/1933</subfield>
    <subfield code="b">Rev.Univ/N&#xB0;64/1933</subfield>
    <subfield code="2">1&#xB0; trimestre 1933</subfield>
  </datafield>
  <datafield tag="110" ind1=" " ind2=" ">
    <subfield code="a">Universidad Nacional de San Antonio Abad del Cusco</subfield>
    <subfield code="9">15942</subfield>
  </datafield>
  <datafield tag="245" ind1=" " ind2=" ">
    <subfield code="a">Revista Universitaria :</subfield>
    <subfield code="b">&#xD3;rgano de la Universidad del Cuzco /</subfield>
  </datafield>
  <datafield tag="260" ind1=" " ind2=" ">
    <subfield code="a">Cusco :</subfield>
    <subfield code="b">H. G. Rozas,</subfield>
    <subfield code="c">1933.</subfield>
  </datafield>
  <datafield tag="300" ind1=" " ind2=" ">
    <subfield code="a">200 p&#xE1;ginas. :</subfield>
    <subfield code="c">20 cm.</subfield>
  </datafield>
  <datafield tag="440" ind1=" " ind2=" ">
    <subfield code="a">Revista Universitaria</subfield>
    <subfield code="n">A&#xF1;o XXII, 1&#xB0; trimestre 1933, N&#xB0;64</subfield>
    <subfield code="9">45840</subfield>
  </datafield>
  <datafield tag="505" ind1=" " ind2=" ">
    <subfield code="a">Contenido: Discurso de orden pronunciado en la apertura del presente a&#xF1;o acad&#xE9;mico. -- Dos botanistas espa&#xF1;oles del siglo XVI. Fortunato L. Herrera. -- Estudios sobre bromatolog&#xED;a americana. Felipe Urquieta. -- Estudios sobre la Flora del departamento del Cuzco diversos herbarios. Fortunato L. Herrera. -- Humanizaci&#xF3;n del Arte. Domingo Velasco Astete. -- En el pa&#xED;s de los incas por J. Squier. -- La c&#xE1;tedra de medicina legal. Miguel A. Nieto. -- Festividades del tiempo heroico del Cuzco. Carlos A. romero. -- Las Chullpas de Sillustani. Uriel Garc&#xED;a. -- Las ruinas de Piquillaccta y la leyenda de la princesa Sumaccttica.  Luis A. Pardo. -- Helechos de la Convenci&#xF3;n r&#xED;o Alto Urubamba. Christian Bues. -- Breve estudio sobre la tribu Bora de la comarca de los r&#xED;os  Putumayo y Caquet&#xE1;. Augusto Jimenez Seminario. -- Discurso pronunciado a nombre de la universidad en el acto de sepelio de los restos del que fue Rafael Paredes.  --  canjes y publicaciones recibidas.

</subfield>
  </datafield>
  <datafield tag="650" ind1=" " ind2=" ">
    <subfield code="a">Bot&#xE1;nica cusque&#xF1;a</subfield>
    <subfield code="9">45807</subfield>
  </datafield>
  <datafield tag="650" ind1=" " ind2=" ">
    <subfield code="a">Bromatolog&#xED;a</subfield>
    <subfield code="9">45841</subfield>
  </datafield>
  <datafield tag="650" ind1=" " ind2=" ">
    <subfield code="a">Pueblos ind&#xED;genas</subfield>
    <subfield code="9">6988</subfield>
  </datafield>
  <datafield tag="650" ind1=" " ind2=" ">
    <subfield code="a">Bora</subfield>
    <subfield code="9">45842</subfield>
  </datafield>
  <datafield tag="650" ind1=" " ind2=" ">
    <subfield code="a">Centros arqueol&#xF3;gicos</subfield>
    <subfield code="9">3230</subfield>
  </datafield>
  <datafield tag="650" ind1=" " ind2=" ">
    <subfield code="a">Piquillaqta</subfield>
    <subfield code="9">45843</subfield>
  </datafield>
  <datafield tag="650" ind1=" " ind2=" ">
    <subfield code="a">Sillustani</subfield>
    <subfield code="9">32391</subfield>
  </datafield>
  <datafield tag="650" ind1=" " ind2=" ">
    <subfield code="a">Leyenda Sumaq T&#xB4;ika</subfield>
    <subfield code="9">45844</subfield>
  </datafield>
  <datafield tag="710" ind1=" " ind2=" ">
    <subfield code="a">Universidad Nacional de San Antonio Abad del Cusco</subfield>
    <subfield code="9">15942</subfield>
  </datafield>
  <datafield tag="942" ind1=" " ind2=" ">
    <subfield code="2">ddc</subfield>
    <subfield code="c">PP</subfield>
  </datafield>
  <datafield tag="945" ind1=" " ind2=" ">
    <subfield code="a">rac</subfield>
  </datafield>
  <datafield tag="952" ind1=" " ind2=" ">
    <subfield code="0">0</subfield>
    <subfield code="2">ddc</subfield>
    <subfield code="4">0</subfield>
    <subfield code="7">0</subfield>
    <subfield code="a">HEM</subfield>
    <subfield code="b">HEM</subfield>
    <subfield code="c">CART</subfield>
    <subfield code="d">2021-04-14</subfield>
    <subfield code="g">10.00</subfield>
    <subfield code="o">Rev.Univ/N&#xB0;64/1933</subfield>
    <subfield code="p">REVC000047</subfield>
    <subfield code="r">2021-04-14</subfield>
    <subfield code="y">PP</subfield>
  </datafield>
  <datafield tag="952" ind1=" " ind2=" ">
    <subfield code="0">0</subfield>
    <subfield code="2">ddc</subfield>
    <subfield code="4">0</subfield>
    <subfield code="7">0</subfield>
    <subfield code="a">HEM</subfield>
    <subfield code="b">HEM</subfield>
    <subfield code="c">CART</subfield>
    <subfield code="d">2021-04-14</subfield>
    <subfield code="g">10.00</subfield>
    <subfield code="o">Rev.Univ/N&#xB0;64/1933/e.2</subfield>
    <subfield code="p">REVC000048</subfield>
    <subfield code="r">2021-04-16</subfield>
    <subfield code="y">PP</subfield>
  </datafield>
</record>
